| 000 | 00710cam a22002294a 4500 | ||
|---|---|---|---|
| 001 | 13033111 | ||
| 005 | 20180301033503.0 | ||
| 008 | 021217s2004 cau 000 0 eng | ||
| 010 | _a 2002156109 | ||
| 020 | _a1884956327 | ||
| 040 |
_aDLC _cDLC _dDLC |
||
| 041 | _aeng | ||
| 042 | _apcc | ||
| 080 | _a658.402 GEN | ||
| 082 | 0 | 0 |
_a658.402 GEN _221 |
| 100 | 1 | _a58 | |
| 101 | _aBIZ | ||
| 245 | 1 | 0 |
_aIf you want it done right, you don't have to do it yourself : _cby Donna M. Genett. |
| 906 |
_a7 _bcbc _corignew _d1 _eecip _f20 _gy-gencatlg |
||
| 942 |
_2ddc _cBK |
||
| 999 |
_c43751 _d43751 |
||